| 000 | 00000nam##2200000za#4500 |
| 001 | 9.700183 |
| 003 | CaOODSP |
| 005 | 20210625000723 |
| 007 | cr ||||||||||| |
| 008 | 150407|2014||||xxc|||||o f|0| 0 eng|d |
| 020 | |a978-1-100-25475-3 |
| 040 | |aCaOODSP|beng |
| 043 | |an-cn--- |
| 086 | 1 |aIu37-4/2-2014E-PDF |
| 110 | 1 |aCanada. |bIndustry Canada. |
| 245 | 10|aSeizing Canada's moment : |h[electronic resource]|bmoving forward in science, technology and innovation 2014 - summary / |c[on behalf of] the Government of Canada. |
| 260 | |aOttawa - Ontario : |bIndustry Canada |cc2014. |
| 300 | |a15p. |
| 590 | |a15-07|b2015-02-13 |
| 690 | 07|aScience policy|2gcpds |
| 775 | 08|tUn moment à saisir pour le Canada : |w(CaOODSP)9.644093 |
| 856 | 40|ahttp://publications.gc.ca|qPDF|s390 KB|uhttps://publications.gc.ca/collections/collection_2015/ic/Iu37-4-2-2014-eng.pdf |